KOHA-Header-6

نبی اکرم اور خواتین : ایک سماجی مطالعہ (Record no. 14059)

000 -LEADER
fixed length control field 00327nam a22001097a 4500
082 ## - DEWEY DECIMAL CLASSIFICATION NUMBER
Classification number 297.66
100 ## - MAIN ENTRY--AUTHOR NAME
Personal name ڈاکٹر محمد یٰسین مظہر صدیقی
245 ## - TITLE STATEMENT
Title نبی اکرم اور خواتین : ایک سماجی مطالعہ
260 ## - PUBLICATION, DISTRIBUTION, ETC. (IMPRINT)
Place of publication لاہور
Name of publisher نشریات
Year of publication 2011
300 ## - PHYSICAL DESCRIPTION
Number of Pages صفحات 234
942 ## - ADDED ENTRY ELEMENTS (KOHA)
Koha item type Books
Holdings
Withdrawn status Lost status Collection code Permanent Location Current Location Shelving location Date acquired Full call number Accession Number Koha item type
    Islamic Personalities Biographies MAJU MAJU Shelf No.A-9 2025-09-05 297.66 11160 Books

Powered by Koha